| 000 -LEADER |
| fixed length control field |
00286nam a22001337a 4500 |
| 008 - FIXED-LENGTH DATA ELEMENTS--GENERAL INFORMATION |
| fixed length control field |
260424b ||||| |||| 00| 0 eng d |
| 020 ## - INTERNATIONAL STANDARD BOOK NUMBER |
| International Standard Book Number |
9759951410229 |
| 041 ## - LANGUAGE CODE |
| Language code of text/sound track or separate title |
eng |
| 080 ## - UNIVERSAL DECIMAL CLASSIFICATION NUMBER |
| Universal Decimal Classification number |
321.01 |
| 100 ## - Rafti |
| Rafti |
34 |
| 101 ## - Shkurtesa |
| Shkurtesa |
Politik |
| 245 ## - TITLE STATEMENT |
| Title |
Rugova |
| Statement of responsibility, etc |
Vehbi Miftari |
| 942 ## - ADDED ENTRY ELEMENTS (KOHA) |
| Source of classification or shelving scheme |
|
| Item type |
Books |